Judo : skills and techniques

Bibliographic Details
Main Author: Reay, Tony (Author)
Format: Book
Published: Marlborough, Wihshire : The Crowood Press , 1985
Subjects:

MARC

LEADER 00000cam a2200000 7i4500
001 0000007840
005 20021119093000.0
008 021119n
020 |a 0946284229 
050 0 0 |a GV1114   |b .R4 
090 0 0 |a GV1114   |b .R4 
100 0 |a Reay, Tony ,   |e author 
245 0 0 |a Judo :   |b skills and techniques   |c Tony Reay 
260 2 |a Marlborough, Wihshire :   |b The Crowood Press ,   |c 1985 
300 |a 115 p. ; ;   |c 24 cm. 
500 |a Includes indexs 
650 0 |a Judo 
999 |a 1000010340   |b Book   |c OPEN SHELF (30 DAYS)   |e Gong Badak Campus